000 00969cam a22002895a 4500
003 EG-ScBUE
005 20220628113816.0
008 180829t1987 nyu f d 000 0 eng d
020 _a0816010129
040 _aEG-ScBUE
_beng
_erda
_cEG-ScBUE
_dEG-ScBUE
082 0 4 _a422.03
_bHEN
_222
100 1 _aHendrickson, Robert,
_d1933-
_eauthor.
245 1 4 _aThe facts on file encyclopedia of word and phrase origins /
_cRobert Hendrickson.
246 3 0 _aEncyclopedia of word and phrase origins
264 1 _aNew York :
_bFacts on File Publications,
_c[1987]
264 4 _cc1987
300 _a581 pages ;
_c29 cm
336 _2rdacontent
_atext
_btxt
337 _2rdamedia
_aunmediated
_bn
338 _2rdacarrier
_avolume
_bnc
650 7 _aEnglish language
_xTerms and phrases.
_2BUEsh
650 7 _aEnglish language
_xEtymology
_xDictionaries.
_2BUEsh
651 _2BUEsh
653 _bHHUUEENN
_cSeptember2018
655 _vReading book
_934232
942 _2ddc
_cREFERENCE
999 _c9578
_d9578